Yüklüyor......
Quantum chemistry
| Yazar: | |
|---|---|
| Materyal Türü: | Printed Book |
| Dil: | English |
| Baskı/Yayın Bilgisi: |
New Delhi
New age International
1985
|
| Konular: |
| LEADER | 00649nam a2200253 a 4500 | ||
|---|---|---|---|
| 001 | adlib96000001 | ||
| 003 | ViArRB | ||
| 005 | 20151026131953.0 | ||
| 008 | 960221s1955 dcuabcdjdbkoqu001 0deng d | ||
| 020 | |a 0-85226-085-0 | ||
| 022 | |||
| 040 | |a Adlib | ||
| 082 | |a 541.12 | ||
| 245 | |a Quantum chemistry | ||
| 250 | |||
| 260 | |a New Delhi |b New age International |c 1985 | ||
| 300 | |a 569p. | ||
| 500 | |a | ||
| 100 | |a Prasad, R. K. | ||
| 700 | |||
| 942 | |c BK |6 _ | ||
| 653 | |a Quantum chemistry | ||
| 999 | |c 39228 |d 39228 | ||
| 952 | |0 0 |1 0 |4 0 |6 54112_PRA |7 0 |9 51082 |a UL |b UL |d 2010-06-16 |l 12 |o 541.12 PRA |p 00042226 |r 2015-10-05 |s 2015-10-05 |w 2010-06-16 |y BK | ||